| 000 | 00856cam a22002897a 4500 | ||
|---|---|---|---|
| 003 | CHAP | ||
| 005 | 20220329140822.0 | ||
| 008 | 971013s1977 r 00010 d | ||
| 010 | _a58105 | ||
| 011 | _a59077 | ||
| 035 | _a63234 | ||
| 040 | _cCHAP | ||
| 082 |
_a574.19195 _bS5 |
||
| 100 | 0 | 0 |
_aSmith, Kendric C. _eed. _9107061 |
| 245 | 1 | 4 | _aThe science of photobiology |
| 260 |
_aNew York : _bPlenum, _c1977 |
||
| 300 |
_a430 p. _b: ilus. ; gráfs. |
||
| 590 |
_aBATCH-UPD _b10 _c20130110 _lUCH01 _h0640 |
||
| 590 |
_aBATCH-UPD _b10 _c20130410 _lUCH01 _h0325 |
||
| 590 |
_aBATCH-UPD _b10 _c20130914 _lUCH01 _h1432 |
||
| 590 |
_aCONVERSION _b10 _c20130109 _lUCH01 _h1331 |
||
| 650 | 1 | 4 |
_aFotobiología. _942706 |
| 650 | 1 | 4 |
_aFotosíntesis. _942737 |
| 901 | _aBK | ||
| 942 | _cLIBRO | ||
| 949 |
_a574.19195 S5 _bBC _cLIBRO _d33724000387239 _eLIBRO _h50766 _i63234 _si |
||
| 999 |
_c58105 _d58105 |
||